Highest Grossing Movies (2002) Quiz Stats

 Plays Quiz Updated Jul 14, 2016

Challenge
Share
Tweet
Score 0/30 Timer 08:00
2 Plays Today
% Correct
Spider-Man
99.7%
Ice Age
93.2%
Scooby-Doo
91.9%
Men in Black II
91.2%
Lilo & Stitch
86.9%
Harry Potter and the Chamber of Secrets
82.1%
The Lord of the Rings: The Two Towers
79%
8 Mile
78.6%
Catch Me If You Can
78%
The Bourne Identity
77.4%
My Big Fat Greek Wedding
75.6%
Chicago
71.2%
The Ring
70.4%
The Santa Clause 2
69.4%
Panic Room
64.5%
% Correct
Austin Powers in Goldmember
64.3%
Signs
61.7%
Minority Report
58.7%
Mr. Deeds
56.7%
xXx
55.3%
Die Another Day
51.7%
The Scorpion King
51.1%
Red Dragon
49.6%
Maid in Manhattan
49.5%
Road to Perdition
46.5%
Sweet Home Alabama
42.8%
Star Wars: Episode II - Attack of the Clones
42.5%
Two Weeks Notice
28%
The Sum of All Fears
24.9%
Space Station 3-D
2.2%

You're not logged in!

Compare scores with friends on all Sporcle quizzes.
Join for Free
OR
Log In

You Might Also Like...

Show Comments

Extras

Top Quizzes Today


Score Distribution

Your Account Isn't Verified!

In order to create a playlist on Sporcle, you need to verify the email address you used during registration. Go to your Sporcle Settings to finish the process.

Report this User

Report this user for behavior that violates our Community Guidelines.

Details: